000 00666nam a2200253Ia 4500
003 OSt
005 20221005082649.0
006 a|||||r|||| 00| 0
007 ta
008 221004b |||||||| |||| 00| 0 eng d
020 _a8120712692
024 _a17336
037 _cTextual
040 _aCRL
_cCRL
_beng
041 _2eng
_aeng
082 _aV2:51y7x, N0
100 _aSharma Shanker Dayal
_9393912
245 0 _aEminent Indians
260 _aNew Delhi
_bSterling Publishers India
_c1990
300 _a112p.
_ccm.
650 _aINDIA - HISTORY
942 _hV2:51y7x, N0
_cTEXL
_2cc
999 _c989673
_d989673